Suplemento especial Código Civil y Comercial de la Nación : contratos en particular /
Guardado en:
| Autor Principal: | |
|---|---|
| Formato: | Seriadas |
| Idioma: | Spanish |
| Publicado: |
Buenos Aires :
La Ley,
2015
|
| Materias: | |
| Etiquetas: |
Agregar Etiqueta
Sin Etiquetas, Sea el primero en etiquetar este registro!
|
| LEADER | 00475nas a22001335a 4500 | ||
|---|---|---|---|
| 001 | DER.der012824 | ||
| 008 | 180615s2015####ag#||#|||||||||###||spa|| | ||
| 005 | 20250403141611.0 | ||
| 245 | 1 | 0 | |a Suplemento especial Código Civil y Comercial de la Nación : |b contratos en particular / |c dirigido por Rubén Stiglitz. |
| 260 | |a Buenos Aires : |b La Ley, |c 2015 | ||
| 300 | |a 555 p. | ||
| 100 | 1 | |a Stiglitz, Rubén S. | |
| 650 | 7 | |a DERECHO DE LOS CONTRATOS | |
| 859 | |a DERECHO |b BIB. DERECHO |h 346.02 |i STI |p 007941 | ||
